Lecciones de económia política (Registro nro. 5291)

Detalles MARC
000 -LEADER
fixed length control field 00862 a2200205 4500
001 - CONTROL NUMBER
control field 53946
005 - DATE AND TIME OF LATEST TRANSACTION
control field 20260407155810.0
008 - FIXED-LENGTH DATA ELEMENTS--GENERAL INFORMATION
fixed length control field 260407a1947 arg spa d
003 - CONTROL NUMBER IDENTIFIER
control field AR-UNSa-BCEJYS
040 ## - CATALOGING SOURCE
Original cataloging agency AR-UNSa-BCEJYS
Language of cataloging spa
Transcribing agency AR-UNSa-BCEJYS
080 ## - UNIVERSAL DECIMAL CLASSIFICATION NUMBER
Universal Decimal Classification number 336.745
Common auxiliary subdivision Cambio de monedas. Moneda extranjera
100 1# - MAIN ENTRY--PERSONAL NAME
Personal name Wicksell, Knut
245 10 - TITLE STATEMENT
Title Lecciones de económia política
264 #1 - PRODUCTION, PUBLICATION, DISTRIBUTION, MANUFACTURE, AND COPYRIGHT NOTICE
Place of production, publication, distribution, manufacture Madrid :
Name of producer, publisher, distributor, manufacturer Aguilar
Date of production, publication, distribution, manufacture, or copyright notice 1947
300 ## - PHYSICAL DESCRIPTION
Extent 473 p.
Dimensions 22 cm.
505 ## - FORMATTED CONTENTS NOTE
Formatted contents note libro I: 1. La teoría del valor - 2. La teoría de la producción y de la distribución - 3. Acumulación de capital - Libro II: 1. El dinero y sus funciones - 2. La moneda - 3. La velocidad de circulación del dinero-la política bancaria y el crédito - 4. el valor de cambio del dinero
590 ## - LOCAL NOTE (RLIN)
Local note niveau_biblio:m niveau_hierar:0
700 1# - ADDED ENTRY--PERSONAL NAME
Personal name Sánchez Ramos, Francisco
942 ## - ADDED ENTRY ELEMENTS (KOHA)
Koha item type
Existencias
Withdrawn status Lost status Damaged status Not for loan Home library Current library Shelving location Date acquired Total checkouts Full call number Barcode Date last seen Price effective from Koha item type
        Biblioteca Prof. Eusebio Cleto del Rey Biblioteca Prof. Eusebio Cleto del Rey   07/04/2026   336.745 W636 L20353 07/04/2026 07/04/2026 Libro